[Event "Vlissingen HZ op 23rd"]
[Site "Vlissingen"]
[Date "2019.08.05"]
[Round "4"]
[White "Altenbernd, Dirk"]
[Black "Van de Krol, Sernin"]
[Result "1/2-1/2"]
[WhiteElo "1859"]
[BlackElo "1603"]
[PlyCount "59"]
[EventDate "2019.08.03"]
[EventType "swiss"]
[EventRounds "9"]
[EventCountry "NED"]
[SourceTitle "CBM 191 Extra"]
[Source "ChessBase"]
[SourceDate "2019.09.30"]
[SourceVersion "1"]
[SourceVersionDate "2019.09.30"]
[SourceQuality "1"]

1. c4 c5 2. g3 g6 3. Bg2 Bg7 4. Nc3 Nc6 5. e4 Nf6 6. Nge2 0-0 7. d3 a6 8. Be3 d6 9. Rb1 Rb8 10. a3 b5 11. cxb5 axb5 12. b4 cxb4 13. axb4 Bd7 14. h3 Qc8 15. Qd2 Ne8 16. d4 f5 17. f3 Nf6 18. g4 fxe4 19. fxe4 e6 20. 0-0 e5 21. d5 Ne7 22. Rbc1 Qb7 23. Ng3 Nc8 24. g5 Nh5 25. Rxf8+ Kxf8 26. Rf1+ Kg8 27. Nxh5 gxh5 28. Qf2 Be8 29. Ra1 Qc7 30. Bd2 1/2-1/2

[Event "Heusenstamm Sparkassen op-A 5th"]
[Site "Heusenstamm"]
[Date "2018.11.23"]
[Round "3"]
[White "Browning, Alex"]
[Black "Altenbernd, Dirk"]
[Result "1-0"]
[WhiteElo "2102"]
[BlackElo "1842"]
[PlyCount "80"]
[EventDate "2018.11.22"]
[EventType "swiss"]
[EventRounds "7"]
[EventCountry "GER"]
[SourceTitle "CBM 188 Extra"]
[Source "ChessBase"]
[SourceDate "2019.02.26"]
[SourceVersion "1"]
[SourceVersionDate "2019.02.26"]
[SourceQuality "1"]

1. e4 g6 2. d4 Bg7 3. Nc3 c6 4. Nf3 d5 5. e5 f6 6. Bd3 Nh6 7. 0-0 0-0 8. exf6 exf6 9. h3 Re8 10. b4 Qd6 11. b5 Be6 12. bxc6 bxc6 13. Na4 Nd7 14. Rb1 Rab8 15. Rb3 Nf7 16. Nc5 Nxc5 17. Ba3 Qc7 18. Bxc5 Bf8 19. Bxf8 Kxf8 20. Qd2 Kg7 21. Re1 Bd7 22. Rc1 Be6 23. c4 Rxb3 24. axb3 Qb8 25. c5 Re7 26. Bc2 Rb7 27. Re1 Nd8 28. g4 Qc7 29. Kg2 Bf7 30. g5 f5 31. Re5 Ne6 32. Nh4 Nxc5 33. Bxf5 Nxb3 34. Qf4 Na5 35. Bxg6 hxg6 36. Qf6+ Kh7 37. Nf5 gxf5 38. Qh6+ Kg8 39. g6 Bxg6 40. Qxg6+ Qg7 1-0

[Event "Heusenstamm Sparkassen op-A 3rd"]
[Site "Heusenstamm"]
[Date "2016.11.27"]
[Round "5"]
[White "Altenbernd, Dirk"]
[Black "Kuhn, Gerhard"]
[Result "1/2-1/2"]
[WhiteElo "1902"]
[BlackElo "2030"]
[PlyCount "47"]
[EventDate "2016.11.24"]
[EventType "swiss"]
[EventRounds "7"]
[EventCountry "GER"]
[SourceTitle "EXT 2018"]
[Source "ChessBase"]
[SourceDate "2017.10.13"]
[SourceVersion "1"]
[SourceVersionDate "2017.10.13"]
[SourceQuality "1"]

1. c4 Nf6 2. g3 g6 3. Bg2 d5 4. cxd5 Nxd5 5. Nc3 Nb6 6. d4 Bg7 7. Nf3 0-0 8. 0-0 Nc6 9. e3 e5 10. dxe5 Qxd1 11. Rxd1 Nxe5 12. Nd4 c5 13. Nde2 Bg4 14. f4 Nec4 15. Kf2 Rad8 16. h3 Bxe2 17. Kxe2 Rxd1 18. Nxd1 Nd6 19. Rb1 c4 20. Bd2 Re8 21. Bc3 Bxc3 22. Nxc3 Nf5 23. Kf2 Re7 24. e4 1/2-1/2

[Event "Vlissingen HZ op 19th"]
[Site "Vlissingen"]
[Date "2015.08.03"]
[Round "4"]
[White "Goormachtigh, Johan"]
[Black "Altenbernd, Dirk"]
[Result "1/2-1/2"]
[WhiteElo "2191"]
[BlackElo "1997"]
[PlyCount "57"]
[EventDate "2015.08.01"]
[EventType "swiss"]
[EventRounds "9"]
[EventCountry "NED"]
[SourceTitle "CBM 167 Extra"]
[Source "ChessBase"]
[SourceDate "2015.09.14"]
[SourceVersion "1"]
[SourceVersionDate "2015.09.14"]
[SourceQuality "1"]

1. d4 g6 2. c4 Bg7 3. e4 d6 4. Nf3 e5 5. Bg5 f6 6. Be3 Ne7 7. Nc3 exd4 8. Nxd4 Nbc6 9. h4 Nxd4 10. Bxd4 Nc6 11. Be3 Be6 12. h5 Qd7 13. h6 Bf8 14. Nd5 Be7 15. Be2 f5 16. exf5 Bxf5 17. Qd2 0-0-0 18. 0-0-0 Kb8 19. g4 Be6 20. f3 Rdf8 21. Nxe7 Qxe7 22. Bg5 Qf7 23. b3 Re8 24. Rhf1 Rhf8 25. Rde1 d5 26. cxd5 Bxd5 27. Rd1 Ne7 28. Qc3 Qe6 29. Rd2 1/2-1/2

[Event "Rhein Main op-A 18th"]
[Site "Bad Homburg"]
[Date "2015.06.06"]
[Round "6"]
[White "Altenbernd, Dirk"]
[Black "Hoeglauer, Patrick"]
[Result "0-1"]
[WhiteElo "1995"]
[BlackElo "2183"]
[PlyCount "32"]
[EventDate "2015.06.03"]
[EventType "swiss"]
[EventRounds "7"]
[EventCountry "GER"]
[SourceTitle "CBM 167 Extra"]
[Source "ChessBase"]
[SourceDate "2015.09.14"]
[SourceVersion "1"]
[SourceVersionDate "2015.09.14"]
[SourceQuality "1"]

1. c4 Nf6 2. Nc3 c6 3. Nf3 d5 4. e3 a6 5. a3 Bf5 6. d4 e6 7. Be2 h6 8. 0-0 Nbd7 9. c5 Qc7 10. b4 e5 11. Bb2 Be7 12. Re1 0-0 13. Nd2 Rfe8 14. Nf1 Bg6 15. Bd3 exd4 16. Bxg6 dxc3 0-1

[Event "Rhein Main op-A 18th"]
[Site "Bad Homburg"]
[Date "2015.06.04"]
[Round "3"]
[White "Thomas, Tobias"]
[Black "Altenbernd, Dirk"]
[Result "0-1"]
[WhiteElo "1796"]
[BlackElo "1995"]
[PlyCount "44"]
[EventDate "2015.06.03"]
[EventType "swiss"]
[EventRounds "7"]
[EventCountry "GER"]
[SourceTitle "CBM 167 Extra"]
[Source "ChessBase"]
[SourceDate "2015.09.14"]
[SourceVersion "1"]
[SourceVersionDate "2015.09.14"]
[SourceQuality "1"]

1. e4 c6 2. c4 g6 3. Nc3 Bg7 4. d4 d6 5. Be3 e5 6. dxe5 dxe5 7. Qxd8+ Kxd8 8. 0-0-0+ Kc7 9. Bc5 Be6 10. Bd6+ Kc8 11. Nf3 f6 12. Ba3 Nh6 13. h3 Nf7 14. Nd2 Bf8 15. c5 Nd7 16. b4 a5 17. Bc4 Nd8 18. Bxe6 Nxe6 19. Nc4 axb4 20. Bxb4 Nexc5 21. Ba5 Ra6 22. Rd2 b5 0-1

[Event "Lippe Cup 05th"]
[Site "Lieme"]
[Date "2008.09.27"]
[Round "2"]
[White "Geisler, Reinhard"]
[Black "Altenbernd, Dirk"]
[Result "1/2-1/2"]
[WhiteElo "2042"]
[BlackElo "1991"]
[PlyCount "35"]
[EventDate "2008.09.26"]
[EventType "swiss"]
[EventRounds "5"]
[EventCountry "GER"]
[SourceTitle "EXT 2012"]
[Source "ChessBase"]
[SourceDate "2011.11.24"]
[SourceVersion "1"]
[SourceVersionDate "2011.11.24"]
[SourceQuality "1"]

1. d4 g6 2. Bf4 Bg7 3. e3 d6 4. Nf3 Nd7 5. h3 e5 6. Bh2 Nh6 7. Be2 0-0 8. 0-0 Qe7 9. c4 f5 10. Nc3 c6 11. dxe5 dxe5 12. a3 a5 13. Qc2 e4 14. Nd2 Be5 15. Na4 Bxh2+ 16. Kxh2 Nc5 17. Nxc5 Qxc5 18. Qc3 1/2-1/2

[Event "Lippe Cup 05th"]
[Site "Lieme"]
[Date "2008.09.26"]
[Round "1"]
[White "Altenbernd, Dirk"]
[Black "Eichenhofer, Karsten"]
[Result "1/2-1/2"]
[WhiteElo "1991"]
[BlackElo "1784"]
[PlyCount "40"]
[EventDate "2008.09.26"]
[EventType "swiss"]
[EventRounds "5"]
[EventCountry "GER"]
[SourceTitle "EXT 2012"]
[Source "ChessBase"]
[SourceDate "2011.11.24"]
[SourceVersion "1"]
[SourceVersionDate "2011.11.24"]
[SourceQuality "1"]

1. c4 e6 2. g3 d5 3. Bg2 c6 4. Qc2 Bd6 5. b3 f5 6. Bb2 Nf6 7. Nf3 0-0 8. 0-0 Qe7 9. d4 Nbd7 10. Ne5 Ne4 11. f3 Ng5 12. h4 Nf7 13. Nxd7 Bxd7 14. f4 Kh8 15. Nd2 Rg8 16. Nf3 h6 17. Kf2 g5 18. hxg5 hxg5 19. Rh1+ Kg7 20. e3 gxf4 1/2-1/2

[Event "Lippe Cup 04th"]
[Site "Lieme"]
[Date "2007.09.28"]
[Round "1"]
[White "Altenbernd, Dirk"]
[Black "Forchert, Martin"]
[Result "0-1"]
[WhiteElo "2027"]
[BlackElo "2400"]
[PlyCount "74"]
[EventDate "2007.09.28"]
[EventType "swiss"]
[EventRounds "5"]
[EventCountry "GER"]
[SourceTitle "EXT 2012"]
[Source "ChessBase"]
[SourceDate "2011.11.24"]
[SourceVersion "1"]
[SourceVersionDate "2011.11.24"]
[SourceQuality "1"]

1. c4 e5 2. Nc3 Nf6 3. Nf3 Nc6 4. g3 Bb4 5. Bg2 Bxc3 6. bxc3 0-0 7. 0-0 d6 8. Rb1 e4 9. Ng5 Re8 10. f3 exf3 11. Nxf3 Rb8 12. d3 h6 13. e4 a6 14. Nd4 Ne5 15. h3 c5 16. Nf5 b5 17. cxb5 axb5 18. Be3 Be6 19. Qd2 Ra8 20. Ra1 Ra6 21. g4 d5 22. Nxg7 Kxg7 23. Bxh6+ Kh7 24. Qg5 Rg8 25. Qxf6 Qxf6 26. Rxf6 Nd7 27. Rxe6 fxe6 28. Be3 d4 29. cxd4 cxd4 30. Bf2 e5 31. Bg3 Rc8 32. Rf1 Kg7 33. Rf2 Rc1+ 34. Kh2 Ra3 35. Rf5 Rxa2 36. Rg5+ Kf7 37. Rf5+ Ke6 0-1

[Event "Volme op-A"]
[Site "Schalksmuehle"]
[Date "2006.08.27"]
[Round "4"]
[White "Braun, Thomas1111"]
[Black "Altenbernd, Dirk"]
[Result "1/2-1/2"]
[WhiteElo "1851"]
[BlackElo "1876"]
[PlyCount "48"]
[EventDate "2006.08.25"]
[EventType "tourn"]
[EventRounds "5"]
[EventCountry "GER"]
[SourceTitle "EXT 2008"]
[Source "ChessBase"]
[SourceDate "2007.11.25"]
[SourceVersion "1"]
[SourceVersionDate "2007.11.25"]
[SourceQuality "1"]

1. e4 c6 2. Nc3 g6 3. d4 Bg7 4. f4 d5 5. e5 h5 6. Nf3 Bg4 7. Be2 Nh6 8. Be3 Nf5 9. Bf2 e6 10. Ng5 Bxe2 11. Qxe2 Nd7 12. 0-0-0 Bf8 13. Kb1 Be7 14. h4 Nh6 15. Rdg1 Ng4 16. Nd1 Nxf2 17. Nxf2 Qb6 18. Qd3 c5 19. c3 cxd4 20. cxd4 Rc8 21. Rc1 Rc6 22. Rxc6 bxc6 23. Rc1 c5 24. dxc5 Bxc5 1/2-1/2

[Event "Werther Schloss op-B 12th"]
[Site "Werther"]
[Date "2006.04.09"]
[Round "4"]
[White "Nohr, Jonas"]
[Black "Altenbernd, Dirk"]
[Result "1/2-1/2"]
[WhiteElo "1941"]
[BlackElo "2010"]
[PlyCount "68"]
[EventDate "2006.04.07"]
[EventType "swiss"]
[EventRounds "5"]
[EventCountry "GER"]
[SourceTitle "EXT 2008"]
[Source "ChessBase"]
[SourceDate "2007.11.25"]
[SourceVersion "1"]
[SourceVersionDate "2007.11.25"]
[SourceQuality "1"]

1. d4 g6 2. c4 Bg7 3. g3 d6 4. Bg2 e5 5. dxe5 dxe5 6. Qxd8+ Kxd8 7. Nf3 f6 8. Nc3 c6 9. 0-0 Be6 10. Rd1+ Nd7 11. b3 Kc7 12. Ba3 Bf8 13. Bxf8 Rxf8 14. Rac1 Nh6 15. Nd5+ Kb8 16. Ne3 Kc7 17. h4 Rd8 18. Nh2 Nf5 19. Nxf5 Bxf5 20. Nf1 Bg4 21. Ne3 Be6 22. Nd5+ Kb8 23. Nc3 Nc5 24. Ne4 Nxe4 25. Bxe4 Rxd1+ 26. Rxd1 Kc7 27. Kf1 Rd8 28. Rxd8 Kxd8 29. h5 f5 30. hxg6 hxg6 31. Bb1 a5 32. Ke1 Kc7 33. Kd2 Kd6 34. Kc3 b6 1/2-1/2